Electrochemical methods: Fundamentals and applications (Record no. 36306)

MARC details
000 -LEADER
fixed length control field 00319nam a2200121Ia 4500
082 ## - DEWEY DECIMAL CLASSIFICATION NUMBER
Classification number 541.3
Item number BAR
100 ## - MAIN ENTRY--AUTHOR NAME
Personal name Bard, Larry R
245 #0 - TITLE STATEMENT
Title Electrochemical methods: Fundamentals and applications
260 ## - PUBLICATION, DISTRIBUTION, ETC. (IMPRINT)
Place of publication New York
Name of publisher Wiley
Year of publication 1980
700 ## - ADDED ENTRY--PERSONAL NAME
Personal name Faulkner
942 ## - ADDED ENTRY ELEMENTS (KOHA)
Koha item type Books
Holdings
Withdrawn status Lost status Damaged status Not for loan Home library Current library Date acquired Cost, normal purchase price Full call number Accession Number Koha item type
        RRII Library RRII Library 16/12/2021 12.85 541.3 BAR 16715 Books